000 00410nam a22001457a 4500
082 _a509.2
_bSAM/A
100 _aSam Raj P
245 _aAgony and ecstasy:
_ban autobiography of a scientist cum socio religious activist/
_cby Sam Raj P
260 _aNagercoil:
_bBernatheth Publication,
_c2008.
300 _a432p.
650 _aBiography Scientists
650 _aBiography
650 _aSciences
942 _cBK
999 _c58432
_d58432